000 01838nam a2200385 c 4500
003 BLK
005 20230614115932.0
008 180409b bul|||||r ||||||| ||bul||
010 _aKNG00110618000
020 _a954-730-184-5
_bиздат.: Сиби
040 _aBLK
041 _aBUL
_cBUL
080 _aСъдебни лица, юристи, съдебни изпълнители(лица, действащи в гражданско съдопроизводство)-Нотариуси, съдии, прокуратура, прокурори, пълномощници, адвокати и др.
_b347.96
_x(497.2)(091)
_z347.96(497.2)(091)
100 1 _aДобчев, Петко Запрянов
_eпърви автор
_9370532
700 1 _aДоковска, Даниела Стефанова
_eпод ред. на
_9368915
139 _aДобчев, Петко Запрянов
_bД 68
245 1 0 _aБългарската адвокатура
_b1878 - 2000
_cПетко Запрянов Добчев; под ред. на Даниела Стефанова Доковска.
257 _aBGR
260 София
_bСиби
_c2003
_fВ. Търново : Абагар
300 _a631 с.
_c21 см
380 _a3
500 _aОфс. изд. - 1 000 тир. - Библиогр. с. 462-594 ; Именен показалец ; Рез. на рус., англ., нем., фр. ез.
504 _a462-594
650 4 _aАдвокатура - България
_9267627
651 4 _aБългария
_9241624
653 _aадвокатура
653 _aБългария
653 _aистория
852 _aЦб 217729
856 4 _qpdf
_u
856 4 _qpdf
_u
942 _cKNG
_n0
_01
944 _aCR
_c29.01.2004
_lф /
_kЛюдмила_Стоянова
944 _aED
_c11.08.2011
_lф /
_k
999 _c105396
_d105396